[Event "Memorial Nicola Palladino A"]
[Site "Milano ITA"]
[Date "2009.04.11"]
[Round "3"]
[White "Cervini, Gian Piero"]
[Black "Fantina, Carla"]
[Result "1-0"]
[WhiteElo "1792"]
[BlackElo "1798"]
[PlyCount "137"]
[EventDate "2009.04.10"]

1. e4 d6 2. d4 Nf6 3. Nc3 g6 4. Bg5 h6 5. Be3 Bg7 6. f3 O-O 7. Qd2 Kh7 8. g4 e5
9. d5 g5 10. h4 Bxg4 11. hxg5 Bxf3 12. Nxf3 Ng4 13. gxh6 Bf6 14. Bg5 Rg8 15.
Bxf6 Qxf6 16. Be2 Rg6 17. Rh5 Rxh6 18. Rxh6+ Nxh6 19. O-O-O Nd7 20. Ng5+ Kg7
21. Rf1 Qe7 22. Bh5 Nf6 23. Nxf7 Nxf7 24. Bxf7 Kxf7 25. Qh6 Rg8 26. Qh5+ Kf8
27. Nb5 Rg7 28. Nxc7 Kg8 29. Qf5 Qxc7 30. Qxf6 Qe7 31. Qf5 Qg5+ 32. Qxg5 Rxg5
33. Rf6 Rg4 34. Rxd6 Rxe4 35. Rd7 Rb4 36. Re7 Rb6 37. Rxe5 Rd6 38. Kd2 Kf7 39.
Kd3 b6 40. Kd4 Rf6 41. c4 Rf2 42. Kc3 Rf3+ 43. Kb4 Rf2 44. Ka3 a6 45. Re6 Rf3+
46. Ka4 Rf4 47. b3 b5+ 48. Kb4 bxc4 49. bxc4 a5+ 50. Kb5 a4 51. Ra6 a3 52. Rxa3
Rf1 53. c5 Rc1 54. Kb6 Ke7 55. d6+ Ke6 56. Ra7 Rb1+ 57. Kc6 Rd1 58. Re7+ Kf6
59. Kd7 Ra1 60. Re2 Rh1 61. c6 Rh7+ 62. Re7 Rh8 63. c7 Ra8 64. c8=Q Ra7+ 65.
Ke8 Rxe7+ 66. dxe7 Kg7 67. Qf5 Kh6 68. Qg4 Kh7 69. Kf7 1-0

[Event "Memorial Nicola Palladino A"]
[Site "Milano ITA"]
[Date "2009.04.11"]
[Round "3"]
[White "Coladangelo, Andrea"]
[Black "Giacometto, Mario"]
[Result "0-1"]
[WhiteElo "1895"]
[BlackElo "1974"]
[PlyCount "76"]
[EventDate "2009.04.10"]

1. e4 e6 2. d4 d5 3. Nc3 Bb4 4. e5 Ne7 5. a3 Bxc3+ 6. bxc3 c5 7. Qg4 O-O 8. Bd3
f5 9. exf6 Rxf6 10. Bg5 e5 11. Qh4 e4 12. Bxf6 gxf6 13. Be2 Qa5 14. Qg3+ Kf8
15. Kf1 Nf5 16. Qh3 e3 17. Bd3 Qxc3 18. Re1 exf2 19. Kxf2 Qxd4+ 20. Kf1 Qf4+
21. Qf3 Qg5 22. Nh3 Qg6 23. Qxd5 Nc6 24. Qxc5+ Kg7 25. Nf4 Qg4 26. Qf2 Ne5 27.
Bxf5 Bxf5 28. h3 Qg5 29. g4 Bd7 30. Nh5+ Kf7 31. Qe3 Bb5+ 32. Kf2 Qh4+ 33. Qg3
Qg5 34. Qb3+ Kg6 35. Qe3 Qh4+ 36. Ng3 Bc6 37. Rh2 Nxg4+ 38. hxg4 Qxh2+ 0-1

[Event "Memorial Nicola Palladino A"]
[Site "Milano ITA"]
[Date "2009.04.11"]
[Round "3"]
[White "Di Chiara, Mauro"]
[Black "Dogic, Mirhad"]
[Result "0-1"]
[WhiteElo "1869"]
[BlackElo "1709"]
[PlyCount "125"]
[EventDate "2009.04.10"]

1. Nf3 f5 2. d3 Nf6 3. e4 d6 4. Nc3 fxe4 5. dxe4 e5 6. Bc4 Bg4 7. Bg5 c6 8. h3
Bh5 9. Qd3 Nbd7 10. O-O Be7 11. Nh4 Bg6 12. Rad1 Qc7 13. Nxg6 hxg6 14. a3 O-O-O
15. b4 Kb8 16. b5 c5 17. Be3 Nb6 18. Bf7 g5 19. Bxg5 Nh7 20. Bxe7 Qxe7 21. Bc4
Nf6 22. a4 g5 23. a5 Nxc4 24. Qxc4 g4 25. Nd5 Qg7 26. Nxf6 gxh3 27. g3 Qxf6 28.
Qd3 Rh6 29. a6 b6 30. Kh2 Rh7 31. c4 Rhd7 32. f4 exf4 33. Rxf4 Qb2+ 34. Rd2 Qa1
35. Qf1 Qc3 36. Rdf2 Rg8 37. Rf8+ Rd8 38. Rxg8 Rxg8 39. Rf8+ Rxf8 40. Qxf8+ Kc7
41. Qe7+ Kc8 42. Qb7+ Kd8 43. Qb8+ Ke7 44. Qc7+ Ke6 45. Qc8+ Ke7 46. Qxh3 Qc2+
47. Kg1 Qc1+ 48. Qf1 Qe3+ 49. Qf2 Qxe4 50. Qf4 Qxf4 51. gxf4 Ke6 52. Kf2 d5 53.
cxd5+ Kxd5 54. Ke3 c4 55. f5 Ke5 56. f6 Kxf6 57. Kd4 c3 58. Kxc3 Ke5 59. Kc4
Ke4 60. Kc3 Kd5 61. Kb4 Kd4 62. Ka4 Kc4 63. Ka3 0-1

[Event "Memorial Nicola Palladino A"]
[Site "Milano ITA"]
[Date "2009.04.11"]
[Round "3"]
[White "Falchi, Claudio"]
[Black "Rossi, Giampiero"]
[Result "0-1"]
[WhiteElo "1467"]
[BlackElo "1915"]
[PlyCount "102"]
[EventDate "2009.04.10"]

1. e4 c5 2. c3 d5 3. exd5 Qxd5 4. d4 e6 5. Nf3 Nc6 6. Be3 cxd4 7. cxd4 Nf6 8.
Nc3 Qd6 9. Bc4 Be7 10. O-O O-O 11. d5 Na5 12. b3 Nxc4 13. bxc4 exd5 14. Nxd5
Nxd5 15. Qxd5 Qxd5 16. cxd5 Rd8 17. Rfe1 Bb4 18. Bd2 Bxd2 19. Nxd2 Bf5 20. Re5
Bg6 21. Rae1 f6 22. Re7 Rxd5 23. Nb3 b6 24. f3 a5 25. Rb7 a4 26. Nc1 b5 27. Kf2
Re8 28. Ree7 Rxe7 29. Rxe7 Rd2+ 30. Re2 Rd1 31. Re1 Rxe1 32. Kxe1 Kf7 33. Kd2
Ke6 34. Kc3 Kd5 35. Kb4 Kd4 36. Ne2+ Ke3 37. Nc3 Kf2 38. Nxb5 Kxg2 39. Kxa4
Kxf3 40. Kb4 Kg2 41. a4 Be4 42. Nd6 Bc6 43. a5 g5 44. Kc5 Ba8 45. Kb6 Kxh2 46.
Ka7 Bd5 47. Kb8 g4 48. a6 g3 49. a7 g2 50. Nb7 g1=Q 51. a8=Q Qg8+ 0-1

[Event "Memorial Nicola Palladino A"]
[Site "Milano ITA"]
[Date "2009.04.11"]
[Round "3"]
[White "Gongalov, Bojan"]
[Black "Aglietti, Graziano"]
[Result "1-0"]
[WhiteElo "2137"]
[BlackElo "2020"]
[PlyCount "65"]
[EventDate "2009.04.10"]

1. d4 Nf6 2. c4 g6 3. Nc3 Bg7 4. g3 O-O 5. Bg2 d6 6. Nf3 Nbd7 7. O-O c5 8. Qc2
cxd4 9. Nxd4 Ng4 10. Rd1 Nde5 11. h3 Nf6 12. b3 Nc6 13. Nxc6 bxc6 14. Kh2 Bb7
15. e4 Qc7 16. Bf4 Nd7 17. Rac1 Nc5 18. Qd2 Rfd8 19. b4 Ne6 20. Be3 a5 21. b5
c5 22. Nd5 Bxd5 23. cxd5 Nf8 24. f4 Nd7 25. e5 Rab8 26. e6 fxe6 27. dxe6 Nf6
28. Bc6 Qc8 29. g4 Qxe6 30. g5 Ng4+ 31. hxg4 Qxg4 32. Qg2 Qh5+ 33. Kg3 1-0

[Event "Memorial Nicola Palladino A"]
[Site "Milano ITA"]
[Date "2009.04.11"]
[Round "3"]
[White "Magistroni, Imerio"]
[Black "Vittadini, Attilio"]
[Result "1/2-1/2"]
[WhiteElo "1649"]
[BlackElo "1865"]
[PlyCount "50"]
[EventDate "2009.04.10"]

1. d4 Nf6 2. c4 e6 3. Nc3 Bb4 4. Qc2 d5 5. e3 c5 6. Nf3 Nc6 7. a3 Bxc3+ 8. bxc3
b6 9. cxd5 exd5 10. Bb5 Bd7 11. O-O O-O 12. Bxc6 Bxc6 13. Ne5 Bb5 14. Re1 Rc8
15. a4 Ba6 16. Ba3 Re8 17. f3 Nd7 18. Nxd7 Qxd7 19. dxc5 bxc5 20. Rad1 h6 21.
c4 d4 22. Bb2 Qe6 23. exd4 Qxc4 24. Rxe8+ Rxe8 25. Qxc4 Bxc4 1/2-1/2

[Event "Memorial Nicola Palladino A"]
[Site "Milano ITA"]
[Date "2009.04.11"]
[Round "3"]
[White "Margstahler, Francesco"]
[Black "Colombo, Abner"]
[Result "1-0"]
[WhiteElo "1791"]
[BlackElo "1260"]
[PlyCount "37"]
[EventDate "2009.04.10"]

1. e4 Nc6 2. Nf3 e5 3. Bb5 Qf6 4. O-O Bc5 5. Nc3 Nge7 6. d3 h6 7. Bxc6 dxc6 8.
Be3 Bd4 9. Bxd4 exd4 10. Ne2 Ng6 11. c3 Bh3 12. cxd4 Bg4 13. e5 Qf5 14. Ng3 Qf4
15. Ne2 Qf5 16. Ne1 Nh4 17. f3 Nxg2 18. fxg4 Qxg4 19. Nxg2 1-0

[Event "Memorial Nicola Palladino A"]
[Site "Milano ITA"]
[Date "2009.04.11"]
[Round "3"]
[White "Messina, Marco"]
[Black "Gonella, Daniele"]
[Result "1-0"]
[WhiteElo "2063"]
[BlackElo "1764"]
[PlyCount "107"]
[EventDate "2009.04.10"]

1. e4 e5 2. f4 Nc6 3. Nf3 d6 4. Bb5 Bd7 5. d4 exd4 6. Nxd4 Nxd4 7. Bxd7+ Qxd7
8. Qxd4 Qb5 9. Nc3 Qc5 10. Qxc5 dxc5 11. Nb5 Kd8 12. Be3 a6 13. O-O-O+ Kc8 14.
Nc3 Nf6 15. h3 Nd7 16. e5 Nb6 17. Ne4 Nc4 18. Bxc5 Bxc5 19. Nxc5 b6 20. Ne4 h6
21. Rd3 Re8 22. b3 Na5 23. Rhd1 Re7 24. Rd8+ Kb7 25. R8d7 Rxd7 26. Rxd7 Rf8 27.
Nd6+ Kc6 28. Rxf7 Rxf7 29. Nxf7 Kd7 30. f5 Ke7 31. Nh8 Nc6 32. Ng6+ Kf7 33. c3
Nb8 34. g4 Nc6 35. h4 Na5 36. Kd2 Nb7 37. Ke3 Nc5 38. Kd4 c6 39. b4 Nb7 40. g5
hxg5 41. hxg5 Nd8 42. e6+ Ke8 43. Ke5 c5 44. f6 gxf6+ 45. gxf6 cxb4 46. f7+
Nxf7+ 47. exf7+ Kxf7 48. cxb4 Kxg6 49. Kd6 Kf6 50. Kc6 a5 51. b5 Ke6 52. Kxb6
Kd6 53. Kxa5 Kc7 54. Ka6 1-0

[Event "Memorial Nicola Palladino A"]
[Site "Milano ITA"]
[Date "2009.04.11"]
[Round "3"]
[White "Mouflih, Caesar Faycal"]
[Black "Bemporad, Filippo"]
[Result "1/2-1/2"]
[WhiteElo "1600"]
[BlackElo "2100"]
[PlyCount "119"]
[EventDate "2009.04.10"]

1. e4 c5 2. Nf3 d6 3. d4 cxd4 4. Nxd4 Nf6 5. Nc3 e6 6. Be2 Be7 7. O-O O-O 8.
Be3 Nc6 9. f4 Qc7 10. Kh1 a6 11. Qe1 Nxd4 12. Bxd4 b5 13. e5 Ne8 14. Bf3 Bb7
15. Bxb7 Qxb7 16. Ne4 d5 17. Nc5 Qc8 18. b4 g6 19. Rf3 Ng7 20. g4 a5 21. a3 f5
22. g5 Qc6 23. Kg1 Nh5 24. Rd1 axb4 25. axb4 Kf7 26. Ra1 Rxa1 27. Qxa1 Ra8 28.
Qb2 Rd8 29. Kf2 Bxc5 30. bxc5 Ra8 31. Ke3 Ra4 32. Rf1 Ke7 33. Rb1 b4 34. Ra1
Kd7 35. Rxa4 Qxa4 36. Qb3 Qxb3+ 37. cxb3 Kc6 38. Kf3 Ng7 39. Ke3 Ne8 40. Kd3
Nc7 41. Bf2 Nb5 42. Be3 Na7 43. Kd4 Kb5 44. Bf2 Nc6+ 45. Kd3 Na5 46. Kc2 Nc6
47. Kd3 Na7 48. Kd4 Kc6 49. Kd3 Nb5 50. Be3 Nc3 51. Bd4 Ne4 52. Be3 Nxc5+ 53.
Kc2 Nb7 54. Kd3 Na5 55. Kc2 d4 56. Bxd4 Kd5 57. Bb6 Nc6 58. Kd3 Ne7 59. Bd8 Nc6
60. Bb6 1/2-1/2

[Event "Memorial Nicola Palladino A"]
[Site "Milano ITA"]
[Date "2009.04.12"]
[Round "3"]
[White "Palmieri, Giovanni"]
[Black "Carbone, Lorenzo"]
[Result "1-0"]
[WhiteElo "1737"]
[BlackElo "1833"]
[PlyCount "87"]
[EventDate "2009.04.10"]

1. d4 d5 2. c4 e6 3. Nc3 Nf6 4. Nf3 Be7 5. Bg5 h6 6. Bh4 O-O 7. e3 b6 8. cxd5
exd5 9. Be2 Ne4 10. Bxe7 Nxc3 11. Bxd8 Nxd1 12. Be7 Re8 13. Ba3 Nxe3 14. fxe3
Rxe3 15. Kf2 Re4 16. Bd3 Re8 17. Rhe1 Be6 18. Rac1 c6 19. Ne5 Rc8 20. b4 a6 21.
Rc2 Ra7 22. Rec1 Rac7 23. b5 axb5 24. Bxb5 f6 25. Nxc6 Nxc6 26. Rxc6 Rxc6 27.
Rxc6 Ra8 28. Rc3 Bf5 29. Bd3 Be4 30. Bxe4 dxe4 31. g4 g6 32. Ke3 f5 33. gxf5
gxf5 34. Kf4 Ra4 35. d5 Kf7 36. Kxf5 b5 37. Rc7+ Ke8 38. Be7 e3 39. Bc5 e2 40.
Re7+ Kd8 41. Rxe2 Rc4 42. Bf8 h5 43. a3 Rc3 44. Bb4 1-0

[Event "Memorial Nicola Palladino A"]
[Site "Milano ITA"]
[Date "2009.04.11"]
[Round "3"]
[White "Virzi, Ettore"]
[Black "Salmoiraghi, Angelo"]
[Result "1/2-1/2"]
[WhiteElo "1986"]
[BlackElo "2136"]
[PlyCount "154"]
[EventDate "2009.04.10"]

1. e4 c5 2. Nf3 Nc6 3. d4 cxd4 4. Nxd4 Nf6 5. Nc3 d6 6. Bg5 g6 7. Bxf6 exf6 8.
Bc4 Bg7 9. Ndb5 O-O 10. O-O f5 11. exf5 Bxf5 12. Nxd6 Bxc2 13. Qxc2 Qxd6 14.
Rad1 Nd4 15. Qe4 Qb6 16. Nd5 Qxb2 17. Rb1 Qa3 18. Rxb7 Kh8 19. Qh4 Qd6 20. Qe7
Nf5 21. Qxd6 Nxd6 22. Rc7 Nxc4 23. Rxc4 Rad8 24. Ne3 Rd2 25. a4 Ra2 26. Rfc1
Bh6 27. Rc8 Rxc8 28. Rxc8+ Kg7 29. Rc4 Bxe3 30. fxe3 h5 31. h3 a5 32. g3 Re2
33. Rc5 Rxe3 34. Kf2 Ra3 35. Rxa5 h4 36. gxh4 Rxh3 37. h5 gxh5 38. Ra8 Ra3 39.
a5 h4 40. Kg2 h3+ 41. Kh2 Kf6 42. a6 Kf5 43. a7 f6 44. Rg8 Rxa7 45. Kxh3 Ra3+
46. Kg2 Kf4 47. Rb8 Ra2+ 48. Kf1 Ra3 49. Kf2 Ra2+ 50. Kf1 f5 51. Rb3 Rh2 52.
Rb4+ Kf3 53. Rb3+ Kg4 54. Ra3 Rh4 55. Kf2 f4 56. Ra8 Rh2+ 57. Kf1 Kg3 58. Kg1
Rb2 59. Rg8+ Kf3 60. Rf8 Rb1+ 61. Kh2 Rf1 62. Ra8 Re1 63. Rf8 Re7 64. Kg1 Re1+
65. Kh2 Ke3 66. Kg2 Re2+ 67. Kf1 Ra2 68. Kg1 Kf3 69. Rf7 Rg2+ 70. Kf1 Rg8 71.
Ra7 Re8 72. Ra3+ Re3 73. Ra2 Rb3 74. Rf2+ Kg3 75. Rg2+ Kh3 76. Rg8 Rg3 77. Rf8
Kg4 1/2-1/2

[Event "Memorial Nicola Palladino A"]
[Site "Milano ITA"]
[Date "2009.04.11"]
[Round "3"]
[White "Vocaturo, Riccardo"]
[Black "Lavric, Mihail"]
[Result "0-1"]
[WhiteElo "1581"]
[BlackElo "1984"]
[PlyCount "48"]
[EventDate "2009.04.10"]

1. e4 c5 2. Nf3 Nc6 3. d4 cxd4 4. Nxd4 Nf6 5. Nc3 e5 6. Ndb5 d6 7. Bg5 a6 8.
Na3 b5 9. Nd5 Be7 10. Nxe7 Nxe7 11. c3 Nxe4 12. Bxe7 Qxe7 13. Nxb5 O-O 14. Na3
Bb7 15. f3 Qh4+ 16. Ke2 Qf2+ 17. Kd3 Nc5+ 18. Kc4 d5+ 19. Kb4 a5+ 20. Kb5 Qxb2+
21. Kxc5 Qxa3+ 22. Kb6 Qd6+ 23. Kb5 Bc6+ 24. Kb6 Rfb8# 0-1

[Event "Memorial Nicola Palladino A"]
[Site "Milano ITA"]
[Date "2009.04.12"]
[Round "4"]
[White "Aglietti, Graziano"]
[Black "Messina, Marco"]
[Result "1/2-1/2"]
[WhiteElo "2020"]
[BlackElo "2063"]
[PlyCount "93"]
[EventDate "2009.04.10"]

1. e4 d5 2. exd5 Nf6 3. Nc3 Nxd5 4. Bc4 c6 5. Qf3 Be6 6. Nge2 Nc7 7. d3 Nd7 8.
Bf4 Bxc4 9. dxc4 e5 10. Be3 Bc5 11. Ne4 Qe7 12. Rd1 O-O-O 13. O-O Bxe3 14. Qxe3
Kb8 15. b4 Nb6 16. c5 Nbd5 17. Qb3 Ne6 18. Nd6 g6 19. c4 Ndc7 20. f4 exf4 21.
Nxf4 f5 22. Rfe1 Qf6 23. Qe3 Nxf4 24. Qxf4 Rhf8 25. Qe5 Qxe5 26. Rxe5 Rd7 27.
Rde1 b6 28. cxb6 axb6 29. c5 Rfd8 30. Nc4 Nd5 31. Nxb6 Nxb6 32. cxb6 Kb7 33. a4
Kxb6 34. a5+ Kb7 35. Re7 Ka6 36. Rxd7 Rxd7 37. Rc1 Kb5 38. Rb1 Rd2 39. h3 f4
40. Ra1 Rd7 41. Rb1 g5 42. Kf2 h6 43. Rb2 Rd3 44. Rc2 Rd6 45. Rb2 Rd3 46. Rc2
Rd6 47. Rb2 1/2-1/2

[Event "Memorial Nicola Palladino A"]
[Site "Milano ITA"]
[Date "2009.04.12"]
[Round "4"]
[White "Astengo, Corrado"]
[Black "Giacometto, Mario"]
[Result "1-0"]
[WhiteElo "2208"]
[BlackElo "1974"]
[PlyCount "71"]
[EventDate "2009.04.10"]

1. e4 e6 2. d3 d5 3. Nd2 c5 4. g3 Bd6 5. Qg4 Nf6 6. Qxg7 Rg8 7. Qh6 Nc6 8. c3
Rg6 9. Qe3 d4 10. Qe2 e5 11. Ngf3 dxc3 12. bxc3 Bc7 13. Nb3 a5 14. Be3 b6 15.
Nh4 Rg8 16. Bg2 a4 17. Nc1 a3 18. O-O Be6 19. Nf5 Ra4 20. Qc2 Qa8 21. d4 cxd4
22. cxd4 Rc4 23. Qd2 exd4 24. Nxd4 Be5 25. Nxe6 fxe6 26. Rb1 Nxe4 27. Qe2 Qa4
28. Qh5+ Ke7 29. Rxb6 Nf6 30. Rb7+ Kd8 31. Qf7 Kc8 32. Nd3 Nd8 33. Nxe5 Nxf7
34. Nxc4 Nd5 35. Bxd5 exd5 36. Nb6+ 1-0

[Event "Memorial Nicola Palladino A"]
[Site "Milano ITA"]
[Date "2009.04.12"]
[Round "4"]
[White "Barberi, Alessandro"]
[Black "Dogic, Mirhad"]
[Result "1-0"]
[WhiteElo "2120"]
[BlackElo "1709"]
[PlyCount "43"]
[EventDate "2009.04.10"]

1. d4 f5 2. Nc3 Nf6 3. Bg5 d5 4. f3 g6 5. Qd2 Bg7 6. Bh6 O-O 7. O-O-O Nc6 8. h4
Nh5 9. Bxg7 Kxg7 10. Nh3 a6 11. Nf4 Ng3 12. Rh3 Nxf1 13. Rxf1 e6 14. g4 fxg4
15. fxg4 e5 16. dxe5 d4 17. Ncd5 Qxd5 18. Nh5+ Kg8 19. Rxf8+ Kxf8 20. Qh6+ Ke7
21. Qg5+ Ke6 22. Nf4+ 1-0

[Event "Memorial Nicola Palladino A"]
[Site "Milano ITA"]
[Date "2009.04.12"]
[Round "4"]
[White "Bemporad, Filippo"]
[Black "Margstahler, Francesco"]
[Result "1-0"]
[WhiteElo "2100"]
[BlackElo "1791"]
[PlyCount "81"]
[EventDate "2009.04.10"]

1. d4 d5 2. Nf3 Nf6 3. g3 c6 4. Bg2 Bf5 5. c4 e6 6. O-O Nbd7 7. b3 Bd6 8. Bb2
Qb8 9. Nc3 h6 10. Nd2 O-O 11. e4 dxe4 12. Ndxe4 Bc7 13. Qe2 Rd8 14. Nxf6+ Nxf6
15. Ne4 Nd7 16. Rad1 a5 17. Nc3 Nf6 18. h3 Qa7 19. Ne4 Nxe4 20. Bxe4 Bxh3 21.
Rfe1 Rac8 22. Qh5 Bf5 23. Bxf5 exf5 24. Qxf5 Bd6 25. Re4 Bf8 26. Rde1 b6 27.
Rg4 Qd7 28. Qf3 Re8 29. Rge4 b5 30. Kg2 Rb8 31. Rxe8 Rxe8 32. Rxe8 Qxe8 33. d5
cxd5 34. Qxd5 bxc4 35. bxc4 a4 36. c5 Qb5 37. Bd4 Be7 38. Qa8+ Kh7 39. Qe4+ f5
40. Qxe7 Qc6+ 41. Kg1 1-0

[Event "Memorial Nicola Palladino A"]
[Site "Milano ITA"]
[Date "2009.04.12"]
[Round "4"]
[White "Bozzali, Ermanno"]
[Black "Palmieri, Giovanni"]
[Result "1-0"]
[WhiteElo "2126"]
[BlackElo "1737"]
[PlyCount "129"]
[EventDate "2009.04.10"]

1. Nf3 d5 2. d4 Nf6 3. c4 g6 4. Nc3 Bg7 5. Bg5 c6 6. Bxf6 exf6 7. cxd5 cxd5 8.
Qb3 O-O 9. e3 Nc6 10. Qxd5 Qxd5 11. Nxd5 Be6 12. Nc7 Rac8 13. Nxe6 fxe6 14. Bc4
Rfe8 15. Bb3 Na5 16. Kd2 Nxb3+ 17. axb3 a6 18. Rhc1 e5 19. Rc4 exd4 20. Nxd4
Rxc4 21. bxc4 f5 22. Ra5 Re5 23. Ra3 Kf7 24. Rb3 Re7 25. Rb6 Be5 26. h3 Bc7 27.
Rb3 Bd6 28. Kd3 Bc5 29. Rc3 Rd7 30. Rc1 Kf6 31. Rd1 Rd6 32. Kc3 a5 33. Rd3 h6
34. f3 Ke5 35. Nb5 Rxd3+ 36. Kxd3 g5 37. Nc3 h5 38. g4 hxg4 39. hxg4 fxg4 40.
fxg4 Be7 41. Ne4 a4 42. Nd2 Bf6 43. Ne4 Be7 44. Nc3 a3 45. bxa3 Bxa3 46. Ne4
Be7 47. Nd2 Bc5 48. Nf3+ Kf6 49. Ke4 Ba3 50. Kd5 Bc1 51. e4 Ke7 52. Ne5 Be3 53.
Nd3 b6 54. e5 Bg1 55. Nb4 Bh2 56. Nc6+ Kd7 57. e6+ Ke8 58. Ke4 Bg3 59. Kf5 Bf4
60. Kf6 Kf8 61. Nb4 Bc7 62. e7+ Ke8 63. Ke6 Bf4 64. Nd5 Be3 65. Nf6# 1-0

[Event "Memorial Nicola Palladino A"]
[Site "Milano ITA"]
[Date "2009.04.12"]
[Round "4"]
[White "Coladangelo, Andrea"]
[Black "Magistroni, Imerio"]
[Result "1-0"]
[WhiteElo "1895"]
[BlackElo "1649"]
[PlyCount "85"]
[EventDate "2009.04.10"]

1. e4 e5 2. Nf3 Nc6 3. d4 exd4 4. Nxd4 Nf6 5. Nxc6 bxc6 6. e5 Qe7 7. Qe2 Nd5 8.
c4 Nb6 9. Nc3 Qe6 10. Qe4 Bb4 11. Bd2 Bxc3 12. Bxc3 d5 13. Qh4 Qg4 14. Qxg4
Bxg4 15. cxd5 Nxd5 16. Rc1 O-O 17. Bc4 Be6 18. O-O Nf4 19. Bxe6 Nxe6 20. Bb4
Rfd8 21. Rxc6 Nd4 22. Rxc7 Ne2+ 23. Kh1 Rd5 24. Rc5 Rd4 25. Bc3 Rd3 26. g3 Nxc3
27. Rxc3 Rd2 28. Rfc1 h6 29. R3c2 Rd5 30. f4 Rad8 31. Rc8 Rxc8 32. Rxc8+ Kh7
33. Rc2 Kg6 34. Kg2 Kf5 35. Kf3 Rd3+ 36. Ke2 Rd7 37. h3 h5 38. Ke3 Re7 39. Rc5
Re6 40. b4 Kg6 41. a4 f5 42. b5 Kf7 43. Rc7+ 1-0

[Event "Memorial Nicola Palladino A"]
[Site "Milano ITA"]
[Date "2009.04.12"]
[Round "4"]
[White "Colombani, Camillo"]
[Black "Cervini, Gian Piero"]
[Result "1-0"]
[WhiteElo "1631"]
[BlackElo "1792"]
[PlyCount "61"]
[EventDate "2009.04.10"]

1. e4 g6 2. Nf3 Bg7 3. d4 d6 4. Bc4 Nf6 5. O-O O-O 6. Nc3 c6 7. Re1 b5 8. Bb3
b4 9. e5 dxe5 10. dxe5 bxc3 11. exf6 Qxd1 12. Rxd1 Bxf6 13. bxc3 Bxc3 14. Rb1
Bg4 15. Rd3 Bg7 16. h3 Bf5 17. Re3 Bf6 18. Bb2 Nd7 19. Bxf6 exf6 20. Re7 Rae8
21. Rbe1 Ne5 22. Bxf7+ Nxf7 23. Rxe8 Bxc2 24. R8e7 a5 25. Nd4 Ba4 26. Ra7 c5
27. Nb3 c4 28. Nc5 Bc2 29. Ree7 Ne5 30. Ne6 Rf7 31. Ra8+ 1-0

[Event "Memorial Nicola Palladino A"]
[Site "Milano ITA"]
[Date "2009.04.12"]
[Round "4"]
[White "Colombo, Abner"]
[Black "Attuati, Stefano"]
[Result "0-1"]
[WhiteElo "1260"]
[BlackElo "1772"]
[PlyCount "40"]
[EventDate "2009.04.10"]

1. f4 d5 2. Nf3 e6 3. e3 Nf6 4. Nc3 Be7 5. Bd3 c5 6. b3 O-O 7. O-O Nc6 8. Ng5
e5 9. Nxh7 Nxh7 10. Qh5 e4 11. Nxe4 dxe4 12. Bxe4 Nf6 13. Bh7+ Nxh7 14. Bb2 Bf6
15. f5 Bxb2 16. Rf4 Qg5 17. Qh3 Bxa1 18. Rh4 Bxf5 19. g4 Bf6 20. Rh5 Qxg4+ 0-1

[Event "Memorial Nicola Palladino A"]
[Site "Milano ITA"]
[Date "2009.04.12"]
[Round "4"]
[White "Fantina, Carla"]
[Black "Carbone, Lorenzo"]
[Result "1/2-1/2"]
[WhiteElo "1798"]
[BlackElo "1833"]
[PlyCount "35"]
[EventDate "2009.04.10"]

1. c4 c5 2. Nc3 Nf6 3. Nf3 e6 4. g3 Be7 5. Bg2 O-O 6. O-O Nc6 7. d4 cxd4 8.
Nxd4 a6 9. Nxc6 dxc6 10. Qxd8 Rxd8 11. Bf4 Bd7 12. Na4 b5 13. cxb5 axb5 14. Nb6
Ra7 15. Nxd7 Nxd7 16. Bxc6 Nc5 17. Be3 Rc7 18. Bxc5 1/2-1/2

[Event "Memorial Nicola Palladino A"]
[Site "Milano ITA"]
[Date "2009.04.12"]
[Round "4"]
[White "Gonella, Daniele"]
[Black "Falchi, Claudio"]
[Result "1-0"]
[WhiteElo "1764"]
[BlackElo "1467"]
[PlyCount "99"]
[EventDate "2009.04.10"]

1. e4 e6 2. d4 d5 3. e5 c5 4. c3 Nc6 5. Nf3 Qb6 6. a3 c4 7. Nbd2 Bd7 8. b3 cxb3
9. Qxb3 Qxb3 10. Nxb3 f6 11. Bd3 fxe5 12. Nxe5 Bd6 13. Nxd7 Kxd7 14. O-O Nf6
15. f3 Rhe8 16. Bd2 e5 17. Bf5+ Kc7 18. dxe5 Nxe5 19. Nd4 Bc5 20. Bf4 g6 21.
Bc2 Nh5 22. Be3 Nc6 23. Nb5+ Kb6 24. Bxc5+ Kxc5 25. Nc7 Re2 26. Bd1 Re3 27.
Nxa8 Rxc3 28. Ba4 b5 29. Rac1 d4 30. Rxc3+ dxc3 31. Rc1 bxa4 32. Rxc3+ Kd6 33.
Rd3+ Kc5 34. Nc7 Nf4 35. Re3 Kd6 36. Nb5+ Kc5 37. Nc7 Nd8 38. g3 Nd5 39. Nxd5
Kxd5 40. Rd3+ Kc4 41. Rxd8 Kb3 42. Rb8+ Kxa3 43. f4 Ka2 44. g4 a3 45. f5 gxf5
46. gxf5 Ka1 47. f6 a2 48. f7 h5 49. f8=Q a5 50. Qf6# 1-0

[Event "Memorial Nicola Palladino A"]
[Site "Milano ITA"]
[Date "2009.04.12"]
[Round "4"]
[White "Guzzetti, Luigi Enrico"]
[Black "Angalone, Ruggero"]
[Result "1-0"]
[WhiteElo "1891"]
[BlackElo "1611"]
[PlyCount "43"]
[EventDate "2009.04.10"]

1. e4 g6 2. d4 Bg7 3. c3 b6 4. Bd3 Bb7 5. Nf3 d6 6. O-O Nd7 7. Re1 e6 8. Nbd2
Ne7 9. Qe2 O-O 10. Nf1 c5 11. Bf4 Nf6 12. dxc5 dxc5 13. Rad1 Qe8 14. Bd6 Rd8
15. Bb5 Nd7 16. Bc7 Nc6 17. Bxd8 Qxd8 18. Qd3 Nde5 19. Nxe5 Qxd3 20. Nxd3 a6
21. Bxc6 Bxc6 22. f4 1-0

[Event "Memorial Nicola Palladino A"]
[Site "Milano ITA"]
[Date "2009.04.06"]
[Round "4"]
[White "Lavric, Mihail"]
[Black "Cazzaniga, Walter"]
[Result "1-0"]
[WhiteElo "1984"]
[BlackElo "2192"]
[PlyCount "129"]
[EventDate "2009.04.10"]

1. d4 Nf6 2. c4 g6 3. Nc3 Bg7 4. e4 d6 5. f3 O-O 6. Be3 Nc6 7. Qd2 a6 8. Nge2
Rb8 9. Ng3 e5 10. d5 Nd4 11. Bd3 c5 12. dxc6 bxc6 13. O-O h5 14. Nge2 c5 15. b3
Be6 16. Rad1 Kh7 17. h3 Ne8 18. f4 f5 19. fxe5 dxe5 20. exf5 gxf5 21. Bg5 Bf6
22. Bxf6 Qxf6 23. Ne4 Qe7 24. Ng5+ Kh8 25. Nxe6 Qxe6 26. Ng3 Ng7 27. Qg5 Rb7
28. Be4 Rc7 29. Bd5 Qf6 30. Qxf6 Rxf6 31. Ne4 Rg6 32. Nc3 h4 33. Rde1 Rg3 34.
Ne2 Re3 35. Kf2 Rxe2+ 36. Rxe2 Nxe2 37. Kxe2 Kh7 38. Rd1 Kg6 39. Bg8 Kg5 40.
Rd6 Nh5 41. Bd5 a5 42. Kf2 Nf4 43. Rd8 Nd3+ 44. Ke3 Nc1 45. Rg8+ Kf6 46. Rh8
Nxa2 47. Rxh4 Nb4 48. Rh6+ Kg5 49. Re6 e4 50. g3 Nc2+ 51. Kf2 Nd4 52. h4+ Kg4
53. Rg6+ Kh3 54. h5 Rh7 55. h6 Nxb3 56. Bg8 Rh8 57. h7 Nd2 58. Rg5 a4 59. Rxf5
Nb3 60. Rg5 Nd4 61. Rxc5 Kg4 62. Re5 Nc6 63. Rxe4+ Kf5 64. Re3 Kf6 65. Re6+ 1-0

[Event "Memorial Nicola Palladino A"]
[Site "Milano ITA"]
[Date "2009.04.12"]
[Round "4"]
[White "Mina, N. Mina"]
[Black "Gongalov, Bojan"]
[Result "1-0"]
[WhiteElo "2177"]
[BlackElo "2137"]
[PlyCount "69"]
[EventDate "2009.04.10"]

1. e4 c5 2. d4 cxd4 3. c3 dxc3 4. Nxc3 e6 5. Nf3 Bb4 6. Qd4 Nc6 7. Qxg7 Qf6 8.
Bh6 Bxc3+ 9. bxc3 Qxh6 10. Qxh8 Qg6 11. Bd3 f6 12. O-O Nce7 13. h4 b6 14. e5 f5
15. Ng5 h6 16. Nh7 Bb7 17. Nf6+ Kd8 18. f3 Kc7 19. Qh7 Qg3 20. Bb5 Qxe5 21.
Nxg8 Qc5+ 22. Kh1 Rxg8 23. Rad1 d5 24. Rfe1 Qd6 25. Qf7 Bc8 26. c4 Kb8 27. Qf6
Qg3 28. Qe5+ Qxe5 29. Rxe5 a6 30. Bxa6 Ng6 31. Bxc8 Nxe5 32. Bxe6 Re8 33. cxd5
Nc4 34. d6 Ne3 35. d7 1-0

[Event "Memorial Nicola Palladino A"]
[Site "Milano ITA"]
[Date "2009.04.12"]
[Round "4"]
[White "Mouflih, Caesar Faycal"]
[Black "Virzi, Ettore"]
[Result "1/2-1/2"]
[WhiteElo "1600"]
[BlackElo "1986"]
[PlyCount "118"]
[EventDate "2009.04.10"]

1. e4 e5 2. Nf3 Nc6 3. Bb5 a6 4. Ba4 Nf6 5. O-O b5 6. Bb3 Bc5 7. a4 Rb8 8. c3
d6 9. d4 Bb6 10. axb5 axb5 11. Na3 O-O 12. Nxb5 Bg4 13. Bc2 Bxf3 14. gxf3 Nh5
15. Kh1 Qh4 16. Be3 Nf4 17. Rg1 Ng6 18. Rg4 Qe7 19. f4 exf4 20. Bxf4 Nxf4 21.
Rxf4 Qg5 22. Rf5 Qh4 23. Qf3 g6 24. Rg1 Qh6 25. Rf6 Nd8 26. Qe3 Qxe3 27. fxe3
Ba5 28. Bd3 c6 29. Nxd6 Rxb2 30. Nc4 Ra2 31. Nxa5 Rxa5 32. Kg2 Kg7 33. Rf2 Ne6
34. Rb2 Ra3 35. Rc1 Rc8 36. Kf3 Rc7 37. e5 f6 38. exf6+ Kxf6 39. e4 Ng5+ 40.
Kg4 h5+ 41. Kf4 Ne6+ 42. Ke3 g5 43. e5+ Ke7 44. h4 gxh4 45. Rh2 Rc8 46. Rxh4
Rg8 47. Rh3 Rg5 48. Be2 Ng7 49. Kd3 c5 50. dxc5 Rxe5 51. Re3 Rxe3+ 52. Kxe3 Ra5
53. c6 Kd6 54. Bf3 Nf5+ 55. Kf4 Ne7 56. Rd1+ Kc5 57. c7 Kb6 58. Rd7 Nc8 59. c4
Rc5 1/2-1/2